Who Was President? Movie Edition Quiz Stats

 Plays Quiz not verified by Sporcle

Challenge
Share
Tweet
Embed
Score 0/24 Timer 04:00
0 Plays Today
Movie President % Correct
The Big LebowskiGeorge H. W. Bush
82.2%
Frost/NixonJimmy Carter
69.7%
The Social NetworkGeorge W. Bush
68.7%
Hotel RwandaBill Clinton
66.6%
All the President's MenRichard Nixon
64.7%
TitanicWilliam Howard Taft
63.8%
JawsGerald Ford
63.3%
GloryAbraham Lincoln
59.4%
American GraffitiJohn F. Kennedy
56.3%
Public EnemiesFranklin D. Roosevelt
55.7%
The UntouchablesHerbert Hoover
54.3%
Up in the AirBarack Obama
53.1%
Movie President % Correct
Charlie Wilson's WarRonald Reagan
50.8%
That Thing You Do!Lyndon B. Johnson
43.3%
Wild Wild WestUlysses S. Grant
43%
AmistadMartin Van Buren
40.2%
Mutiny on the Bounty*George Washington
38.2%
Singin' in the RainCalvin Coolidge
37.4%
The Best Years of Our LivesHarry Truman
34.3%
The AlamoAndrew Jackson
33.7%
Sergeant YorkWoodrow Wilson
33.5%
TombstoneChester A. Arthur
31.7%
ClueDwight D. Eisenhower
30.5%
The Battleship PotemkinTheodore Roosevelt
30.3%

You're not logged in!

Compare scores with friends on all Sporcle quizzes.
OR
Log In

You Might Also Like...

Show Comments

Extras

Top Quizzes Today


Score Distribution

Your Account Isn't Verified!

In order to create a playlist on Sporcle, you need to verify the email address you used during registration. Go to your Sporcle Settings to finish the process.

Report this User

Report this user for behavior that violates our Community Guidelines.

Details: